Statistiques concernant Pays ayant deux frontières

Cliquez ici pour prendre le quiz!

Statistiques générales

  • Ce quiz a été pris 483 fois
  • Le résultat moyen est 23 sur 27

Statistiques - réponses

frontièrespays% Correct
Canada et MexiqueEtats-Unis
97%
France et EspagneAndorre
96%
Chine et RussieMongolie
93%
Chine et IndeNépal
92%
Colombie et PérouÉquateur
91%
Finlande et NorvègeSuède
91%
Lettonie et RussieEstonie
90%
Autriche et SuisseLiechtenstein
89%
Belgique et AllemagnePays-Bas
88%
Nicaragua et PanamaCosta Rica
87%
Colombie et Costa RicaPanama
86%
Argentine et BrésilUruguay
86%
Birmanie et IndeBangladesh
85%
Israël et SyrieLiban
85%
Algérie & LibyeTunisie
85%
Oman et Arabie SaouditeYémen
85%
Guatemala et MexiqueBelize
84%
Chine et IndeBhoutan
84%
Guatemala et HondurasSalvador
84%
Costa Rica et HondurasNicaragua
83%
Ruomanie et UkraineMoldavie
81%
Oman et Arabie SaouditeÉmirats arabes unis
77%
Irak et Arabie SaouditeKoweït
77%
Cameroun et GabonGuinée équatoriale
75%
Guinée et LibériaSierra Leone
75%
Mozambique et Afrique du SudEswatini
73%
Guinée et SénégalGuinée-Bissau
72%

Distribution des résultats

Percentile par nombre de réponses

% des personnes avec chaque résultat

Votre développement - résultats

Vous n’avez pas pris ce quiz